000 00510nam a2200181Ia 4500
005 20250326125709.0
008 250326s9999 xx 000 0 und d
037 _aTextbook
040 _aFMSL
_beng
_cFMSL
041 _aeng
_2eng
084 _aY:5.44.N75 L2
_qFMSL
100 _aDesai I P
_9131701
245 0 _aGlimpses of surat
_cDesai I P
260 _aNew Delhi
_bNew Delhi, Ministry Of Home Affairs
_c1972
300 _a100p
942 _cTB
_hY:5.44.N75 L2
999 _c1279168
_d1279168